| 000 | 00536nam a2200181 i 4500 | ||
|---|---|---|---|
| 001 | bg | ||
| 100 | 1 | _aCIEPIELA, Andrzej | |
| 245 | 0 |
_aAutomatyka kompleksowa procesów przemysłowych na przykładzie walcowni / _cAndrzej Ciepiela, Ryszard Kozioł. |
|
| 260 |
_aWarszawa : _bWNT, _c1978. |
||
| 650 | 9 |
_aWalcowanie _xautomatyzacja |
|
| 655 | _aPodręczniki akademickie | ||
| 700 | 1 | _aKOZIOŁ, Ryszard | |
| 040 | _cBPK | ||
| 041 | _apol | ||
| 080 | _a621.77:681.5](075.8) | ||
| 942 | _cKS | ||
| 008 | s pl f |000 0 pol | ||
| 999 |
_c18042 _d18042 |
||
| 856 |
_uhttp://koha.tu.koszalin.pl/cgi-bin/koha/opac-detail.pl?biblionumber=18042 _yKatalog online BPK |
||